000 00728nam a2200205Ii 4500
003 JO-AjNU
008 230605s9999||||xx |||||||||||||| ||und||
017 _a2011/5/1908
040 _aJO-AjNU
_bara
_erda
_cJO-AjNU
041 _aara
050 1 4 _aDS145.55.M87 2011
100 3 _aالموسى، سليمان,
_eauthor
_957185
245 0 0 _aتاريخ الأردن السياسي المعاصر (حزيران 1967-1995م)
264 3 1 _aعمان: وزارة الثقافة، 2011
300 _a268ص
_bالكشافات ص217-256
336 _atext
_btxt
_2rdacontent
337 _aunmediated
_bn
_2rdamedia
338 _avolume
_bnc
_2rdacarrier
650 4 _aالاردن-تاريخ-الحسين-سياسة وحكومة
_957186
999 _aA25610
_c29178
_d29178